000 00717nam a2200253Ia 4500
003 OSt
005 20220918170105.0
006 a|||||r|||| 00| 0
007 ta
008 220917b |||||||| |||| 00| 0 eng d
020 _a818988400X (hb)
024 _a232,248
037 _cTextual
040 _aARTS
_cARTS
_beng
041 _2eng
_aeng
082 _aV2.N35<-N25, P6
100 _aSinha Mrinalini
_926982
245 0 _aSpecters of mother India
_b the global restructuring of an empire
260 _aNew Delhi
_bZubaan : An Associate of Kali
_c2006
300 _axiii,366p.
_ccm.
650 _aHISTORY
942 _hV2.N35<-N25, P6
_cTEXL
_2CC
999 _c132516
_d132516